Doña Bárbara: una conformación de los programas existenciales paradigmáticos

Uloženo v:
Podrobná bibliografie
Hlavní autor: Abedelnour Granados, María Cecilia y Marín Alvarado, María Antonieta
Médium: Kniha
Jazyk:Undetermined
Vydáno: San José, Costa Rica Escuela de Filología, Lingüística y Literatura,Universidad de Costa Rica 1989
Témata:
Tagy: Přidat tag
Žádné tagy, Buďte první, kdo vytvoří štítek k tomuto záznamu!

MARC

LEADER 00000nam a2200000Ia 4500
008 170316s9999 xx 000 0 und d
040 |a cru BVZT 
090 |a Tesis 411 
100 |a Abedelnour Granados, María Cecilia y Marín Alvarado, María Antonieta 
245 |a Doña Bárbara: una conformación de los programas existenciales paradigmáticos 
260 |a San José, Costa Rica 
260 |b Escuela de Filología, Lingüística y Literatura,Universidad de Costa Rica 
260 |c 1989 
300 |a 186 páginas 
650 |a LICENCIATURA EN FILOLOGÍA ESPAÑOLA 
650 |a TRABAJO FINAL DE GRADUACIÓN 
999 |c 14049  |d 14049 
942 |c TFG  |h Tesis 411  |2 z